000 01033cam a2200253 i 4500
003 SA-RiAUC
005 20241208082824.0
008 241024s1991 jo g 00000 ara c
040 _aSA-RiKSU
_bara
_cSA-RiAUC
_erda
082 0 4 _a251
090 _a251
_bش ك ر
100 1 _aشكري، مراد
_eمؤلف.
245 1 0 _aتحقيق الوصول إلى علم الأصول :
_bشرح المحققة النونية : خلاصة ميسرة وشاملة في علم الأصول مدعمة بالأدلة والأمثلة /
_cتأليف مراد شكري.
250 _aالطبعة الأولى.
264 1 _aعمان، الأردن :
_bدار الحسن للنشر،
_c1991
300 _a110 صفحة ؛
_c24 سم
336 _aنص
_btxt
_2rdacontent
_3كتاب
337 _aبدون وسيط
_bn
_2rdamedia
338 _aمجلد
_bnc
_2rdacarrier
650 7 _aأصول الفقه الإسلامي
_2aucsh
740 2 _aالمحققة النونية.
942 _2ddc
_cBOOK
_n0
949 _aSA-JeALM
_d241024
_umohamedma123
_n1
999 _c3102
_d3102